PAPERCHEM příručka pro uživatele

Na minha lista:
Detalhes bibliográficos
Autor principal: Valček, František
Outros Autores: Zuzánková, Alena
Formato: Livro
Idioma:tcheco
Publicado em: Praha Ústředí vědeckých, technických a ekonomických informací 1985
Tags: Adicionar Tag
Sem tags, seja o primeiro a adicionar uma tag!

MARC

LEADER 00000nam a2200000 4500
001 c105235
005 20250926122412.7
041 0 |a cze 
044 |a CZ 
245 1 0 |a PAPERCHEM  |b příručka pro uživatele  |c František Valček, Alena Zuzánková 
264 1 |a Praha  |b Ústředí vědeckých, technických a ekonomických informací  |c 1985 
300 |a 60 s. 
100 1 |a Valček, František 
700 1 |a Zuzánková, Alena